000
00285 a2200109 4500
005
20250630133223.0
082
_a
657.45
245
_a
Audit Guidance series: The smaller Business Audit
260
_a
New York
_b
price Waterhouse
_c
1987
300
_a
iii,367p.:tables
_c
22cm.
942
_2
ddc
_c
BKS
999
_c
6476
_d
6476